Movies Quiz

Random Movies or Clickable Quiz

Movie Cliches (v) Quiz Stats

 Plays Quiz not verified by Sporcle

Support Sporcle.
Go Orange.
Score 0/10 Timer 04:00
0 Plays Today
% Correct
Are attended by the person responsible for the death, who arrives in a limo
99.6%
He'll be suspended from duty, which he'll ignore
99.2%
To break
98.8%
Will involve meeting a hungry bear
98.8%
There’s a 99% chance something will be in the reflection when the door closes
98.8%
Will only have woken in reality about 10% of the time. Usually they're still having the nightmare
98.6%
No one will eat more than a mouthful before rushing out
98.6%
Will always run straight ahead and get crushed rather than running to the side
98.4%
The dog won't die
95.6%
Are invariably innocent
95.6%

You're not logged in!

Compare scores with friends on all Sporcle quizzes.
OR
Log In

From the Vault

In Memoriam: 2013

by SporcleEXP

A tribute to those we lost in 2013.
Remove Ads.
Support Sporcle.
Get the best of Sporcle when you Go Orange. This ad-free experience offers more features, more stats, and more fun while also helping to support Sporcle. Thank you for becoming a member.

Show Comments

Extras

Top Quizzes Today


Score Distribution

Your Account Isn't Verified!

In order to create a playlist on Sporcle, you need to verify the email address you used during registration. Go to your Sporcle Settings to finish the process.

Report this User

Report this user for behavior that violates our Community Guidelines.

Details: